Plants that belong to asparagus family (Asparagaceae) - sudden death - Statistics

General Stats
  • This quiz has been taken 21 times
  • The average score is 3 of 13
Answers on the Grid
Answers color-coded by a green-red scale on the quiz's grid according to % correct below.
Joshua tree
Garden asparagus
Bear's garlic
Saffron crocus
Hyacinth
Canary Island date palm
Century plant (Agave)
Garlic
Spinach
Lily of the Nile
Lily of the valley
Grasstree (Xanthorrhea)
Common primrose
Spider plant (Chlorophytum)
Peace lily (Spathiphyllum)
Cornstalk dracaena
Buckwheat
Spider agave
Snake plant
Houseleek
Hosta
Pampas grass
Common bluebell
Peach-leaved bellflower
Dwarf crested iris
Sandlily (Leucocrinum)
Common asparagus fern
Money plant (Crassula)
 
Answer Stats
Answer % Correct
Garden asparagus
86%
Spider agave
43%
Century plant (Agave)
29%
Cornstalk dracaena
29%
Snake plant
29%
Hyacinth
14%
Sandlily (Leucocrinum)
14%
Spider plant (Chlorophytum)
14%
Common asparagus fern
0%
Common bluebell
0%
Hosta
0%
Joshua tree
0%
Lily of the valley
0%
No matching quizzes found
Score Distribution
Percent of People with Each Score
Percentile by Number Answered
Your Score History
You have not taken this quiz